000
00300nam a22001337a 4500
008
171030b xxu||||| |||| 00| 0 eng d
020
_a
0023785209
041
_a
eng
080
_a
338
100
_a
57
101
_a
QMI
245
_a
THE APPLIED THEORY OF PRICE
_c
DONALD.M./N
942
_2
udc
_c
BK
999
_c
36511
_d
36511